[Event "Frankfurt Ch 2006"]
[Site "Ffm-Kalbach, LAZ"]
[Date "2006.05.29"]
[Round "6.29"]
[White "Matzies, Alexander"]
[Black "Mahnke, Ralf"]
[Result "1/2-1/2"]
[WhiteElo "1894"]
[BlackElo "1776"]
[PlyCount "142"]
[EventDate "2006.??.??"]

1. e4 e5 2. Nf3 Nc6 3. d4 exd4 4. Bc4 Nf6 5. e5 d5 6. Bb5 Ne4 7. Nxd4 Bd7 8.
Bxc6 bxc6 9. O-O Be7 10. f3 Nc5 11. f4 O-O 12. f5 Bg5 13. Nc3 Bxc1 14. Qxc1 Qh4
15. Rf4 Qg5 16. Qf1 Rae8 17. Re1 Ne4 18. Nxe4 dxe4 19. Rexe4 c5 20. Nf3 Qh6 21.
g3 Qb6 22. b3 c4+ 23. Qf2 cxb3 24. axb3 Bc6 25. Re1 Qa5 26. b4 Qb6 27. Nd4 Bb7
28. f6 g5 29. Rg4 h6 30. Qe3 Kh7 31. h4 Rg8 32. hxg5 Rg6 33. Rh4 Reg8 34. Rxh6+
Rxh6 35. gxh6 Qxb4 36. Qd3+ Rg6 37. Rf1 Qa5 38. Nf5 Qxe5 39. Ne7 Qxg3+ 40. Qxg3
Rxg3+ 41. Kf2 Rf3+ 42. Ke2 Rxf1 43. Kxf1 Kxh6 44. Ke2 Kg5 45. Ng8 Be4 46. c4
Bh7 47. Ne7 a5 48. c5 Be4 49. Ng8 Kf5 50. Kd2 Ke5 51. Kc3 Kd5 52. Kb3 Kxc5 53.
Ka4 Kb6 54. Nh6 Bd5 55. Nf5 Bc6+ 56. Ka3 Kc5 57. Nh6 Be8 58. Kb3 Kd5 59. Nf5
Ke5 60. Ne7 Bd7 61. Kc3 c6 62. Ng8 Be6 63. Kb2 Kd4 64. Ne7 c5 65. Nc6+ Kd3 66.
Nxa5 Kd2 67. Nc6 c4 68. Nd4 c3+ 69. Kb1 Bd5 70. Ka1 c2 71. Nxc2 Kxc2 1/2-1/2

[Event "Frankfurt Ch 2006"]
[Site "Ffm-Kalbach, LAZ"]
[Date "2006.05.29"]
[Round "6.30"]
[White "Rotermund, Verena"]
[Black "Rätsch, Kurt"]
[Result "1-0"]
[WhiteElo "1757"]
[BlackElo "1890"]
[PlyCount "81"]
[EventDate "2006.??.??"]

1. e4 c5 2. Nc3 Nc6 3. f4 e6 4. Nf3 d5 5. g3 d4 6. Ne2 d3 7. cxd3 Nb4 8. Nc3
Nxd3+ 9. Bxd3 Qxd3 10. Ne5 Qa6 11. Qb3 Nf6 12. Nb5 Qb6 13. Nc4 Qc6 14. Qd3 Nxe4
15. Ne5 Qb6 16. Qxe4 Qxb5 17. a4 Qa6 18. Ra3 f6 19. Nf3 Be7 20. Re3 O-O 21. f5
e5 22. g4 c4 23. h4 Qxa4 24. b3 Qc6 25. Qc2 Bc5 26. Qxc4+ Kh8 27. Rc3 e4 28.
Nd4 Bxd4 29. Qxd4 Qd7 30. Qb4 Re8 31. Bb2 b6 32. Re3 Bb7 33. g5 Rf8 34. gxf6
gxf6 35. Rf1 Qg7 36. Qc3 Ba6 37. Rg3 Rac8 38. Qe3 Qf7 39. Rfg1 Bd3 40. Qh6 a5
41. Rg7 1-0

[Event "Frankfurt Ch 2006"]
[Site "Ffm-Kalbach, LAZ"]
[Date "2006.05.29"]
[Round "6.31"]
[White "Noble, Fabian"]
[Black "Stricker, Konstantin"]
[Result "1/2-1/2"]
[WhiteElo "1866"]
[BlackElo "1703"]
[PlyCount "145"]
[EventDate "2006.??.??"]

1. d4 Nf6 2. Nf3 d5 3. c4 e6 4. Nc3 b6 5. Bg5 Be7 6. e3 Bb7 7. Be2 O-O 8. cxd5
Nxd5 9. Bxe7 Nxe7 10. O-O Nd7 11. Qc2 h6 12. Rfd1 c6 13. Rac1 Rc8 14. Ne4 Qc7
15. Qa4 Qb8 16. Qa3 Nd5 17. Nd6 Rc7 18. Rd2 Rd8 19. Nxb7 Qxb7 20. Rdc2 a5 21.
Qd6 Rdc8 22. a3 N5f6 23. b4 Ne8 24. Qf4 axb4 25. axb4 b5 26. Ne5 Nxe5 27. Qxe5
Nf6 28. h3 Nd5 29. Qd6 Qa6 30. e4 Nf6 31. Bd3 Qb6 32. e5 Nd5 33. Kh2 Qxd4 34.
Rxc6 Rxc6 35. Rxc6 Ra8 36. Ra6 Qf4+ 37. Kg1 Qc1+ 38. Bf1 Rxa6 39. Qxa6 Nxb4 40.
Qxb5 Qe1 41. Qe8+ Kh7 42. Qxf7 Qxe5 43. Bc4 Qe1+ 44. Kh2 Qe5+ 45. g3 Qf6 46.
Bxe6 Qxf7 47. Bxf7 Nd3 48. Kg2 g5 49. Bd5 Kg7 50. Kf3 Kf6 51. Ke3 Ne5 52. Ke4
Nd7 53. Bc6 Ne5 54. Bb7 Nd7 55. Bc8 Ne5 56. Ba6 Nd7 57. Kf3 Ne5+ 58. Kg2 Nd7
59. g4 Ne5 60. Kg3 Nd7 61. Bc8 Ne5 62. Bf5 Nf7 63. Kf3 h5 64. Ke3 Nd6 65. Bd7
h4 66. Kd4 Nf7 67. Kd5 Ne5 68. Bb5 Nf3 69. Ke4 Ne5 70. Ba6 Nf7 71. Bc4 Ne5 72.
Ba2 Ng6 73. Kf3 1/2-1/2

[Event "Frankfurt Ch 2006"]
[Site "Ffm-Kalbach, LAZ"]
[Date "2006.05.29"]
[Round "6.32"]
[White "Benikhis, Avram"]
[Black "Wanie, Karsten"]
[Result "0-1"]
[WhiteElo "1794"]
[BlackElo "2055"]
[PlyCount "46"]
[EventDate "2006.??.??"]

1. d4 e6 2. c4 d5 3. Nc3 c5 4. cxd5 exd5 5. dxc5 d4 6. Ne4 Bf5 7. Nd6+ Bxd6 8.
cxd6 Qxd6 9. Qb3 Nc6 10. Bd2 Nf6 11. Qg3 Qe7 12. a3 O-O 13. Nf3 Ne4 14. Qf4
Nxd2 15. Qxd2 Rad8 16. g3 d3 17. e3 Be4 18. Bg2 Qf6 19. Nh4 Bxg2 20. Nxg2 Ne5
21. O-O-O Rc8+ 22. Kb1 Rc2 23. Qb4 Nc4 0-1

[Event "Frankfurt Ch 2006"]
[Site "Ffm-Kalbach, LAZ"]
[Date "2006.05.29"]
[Round "6.33"]
[White "Syed, Tareq"]
[Black "Nagel, Norbert"]
[Result "1-0"]
[WhiteElo "1931"]
[BlackElo "1720"]
[PlyCount "111"]
[EventDate "2006.??.??"]

1. d3 b6 2. e4 d5 3. Nd2 dxe4 4. dxe4 Ba6 5. Be2 Bxe2 6. Qxe2 e6 7. Ngf3 Nf6 8.
e5 Nd5 9. Ne4 Nd7 10. c4 Nb4 11. a3 Nc6 12. Bg5 Be7 13. Rd1 O-O 14. h4 Qe8 15.
Bf4 Rd8 16. b4 a5 17. b5 Ncb8 18. Bg5 h6 19. Bxe7 Qxe7 20. Qe3 f6 21. exf6 Nxf6
22. Nxf6+ Qxf6 23. O-O Nd7 24. Rde1 Nc5 25. Ne5 Rd6 26. h5 Rfd8 27. Nc6 Rd3 28.
Qe5 Qxe5 29. Rxe5 R8d6 30. Re3 Kf7 31. Ne5+ Kf6 32. Nxd3 Rxd3 33. Rxd3 Nxd3 34.
f3 Ke5 35. Rd1 Kd4 36. Rd2 Kc3 37. Re2 Nc5 38. f4 Kd3 39. Re5 Kxc4 40. f5 exf5
41. Re7 Kxb5 42. Rxg7 Ne6 43. Rg6 Nf4 44. Rxh6 c5 45. Rh8 Nxh5 46. Rxh5 Ka4 47.
Rxf5 Kxa3 48. g4 c4 49. g5 c3 50. Rf3 Kb2 51. g6 c2 52. Rf2 a4 53. g7 b5 54.
g8=Q b4 55. Rxc2+ Kxc2 56. Qa2+ 1-0

[Event "Frankfurt Ch 2006"]
[Site "Ffm-Kalbach, LAZ"]
[Date "2006.05.29"]
[Round "6.34"]
[White "Göbel, Andreas"]
[Black "Weiland, Thomas"]
[Result "1-0"]
[WhiteElo "1923"]
[BlackElo "1781"]
[PlyCount "89"]
[EventDate "2006.??.??"]

1. Nf3 c5 2. g3 b6 3. Bg2 Bb7 4. c4 g6 5. Nc3 Bg7 6. O-O Nc6 7. e4 e5 8. d3 h6
9. Be3 Nge7 10. Qd2 d6 11. Nh4 Qd7 12. Nd5 Nxd5 13. cxd5 Ne7 14. f4 exf4 15.
gxf4 Qg4 16. Nf3 Ba6 17. Rf2 Qd7 18. d4 Rb8 19. Rd1 Qc7 20. Nh4 Bf6 21. Nf3 Bg7
22. Rc1 Rd8 23. Nh4 Bf6 24. Nf3 Bg7 25. dxc5 bxc5 26. b4 f5 27. Nh4 Bf6 28. Nf3
fxe4 29. Nd4 Bd3 30. Ne6 Qd7 31. Nxd8 Qxd8 32. Bf1 Nxd5 33. Bxd3 exd3 34. Qxd3
Nxb4 35. Qxg6+ Kd7 36. Qf5+ Kc7 37. Bxc5 Rg8+ 38. Kf1 Nc6 39. Bxa7 Qa8 40. Rfc2
Be7 41. Rxc6+ Qxc6 42. Rxc6+ Kxc6 43. Qe4+ Kd7 44. Qa4+ Kc7 45. Qc4+ 1-0

[Event "Frankfurt Ch 2006"]
[Site "Ffm-Kalbach, LAZ"]
[Date "2006.05.29"]
[Round "6.35"]
[White "Krohne, Robert"]
[Black "Hierling, Stefan"]
[Result "0-1"]
[WhiteElo "1784"]
[BlackElo "1923"]
[PlyCount "78"]
[EventDate "2006.??.??"]

1. e4 d5 2. exd5 Nf6 3. d4 Nxd5 4. Nf3 Bg4 5. Be2 e6 6. O-O Be7 7. c3 O-O 8.
Ne5 Bxe2 9. Qxe2 Nd7 10. f4 c5 11. Kh1 cxd4 12. cxd4 Rc8 13. Nc3 Nxc3 14. bxc3
Rxc3 15. Bb2 Rc8 16. Rf3 Nf6 17. Raf1 Qd5 18. Ba1 Qe4 19. Re3 Qc2 20. Qb5 Nd5
21. Re2 Qc7 22. f5 a6 23. Qb3 Bd6 24. Ref2 b5 25. Qh3 f6 26. Nd3 exf5 27. Qxf5
Qf7 28. Qh3 Rfe8 29. Rf3 Rc2 30. Ne5 Qe6 31. Qxe6+ Rxe6 32. Ng4 Ree2 33. R3f2
Rxf2 34. Nxf2 Rxa2 35. Ne4 Bb4 36. h3 Ne3 37. Rg1 Kf7 38. g4 h6 39. Ng3 Bd6 0-1

[Event "Frankfurt Ch 2006"]
[Site "Ffm-Kalbach, LAZ"]
[Date "2006.05.29"]
[Round "6.36"]
[White "Bittner, Peter"]
[Black "Stich, Christopher"]
[Result "0-1"]
[WhiteElo "1730"]
[BlackElo "1921"]
[PlyCount "114"]
[EventDate "2006.??.??"]

1. e4 g6 2. Nf3 Bg7 3. c3 d6 4. Bc4 Nf6 5. d3 O-O 6. O-O c6 7. h3 b5 8. Bb3 Bb7
9. Be3 c5 10. Nbd2 Nbd7 11. Rc1 Qc7 12. Re1 a5 13. a3 Ba6 14. d4 c4 15. Bc2 e5
16. d5 Nc5 17. Bxc5 Qxc5 18. Nf1 Bh6 19. Ne3 Qa7 20. Nh2 Nd7 21. Nhg4 Bg7 22.
Nf1 Nc5 23. Qd2 f5 24. exf5 gxf5 25. Nh6+ Bxh6 26. Qxh6 Rad8 27. Ng3 Bc8 28.
Rcd1 Qg7 29. Qxg7+ Kxg7 30. f3 Kg6 31. Nf1 h5 32. Ne3 Kg5 33. a4 f4 34. Nf1 b4
35. cxb4 axb4 36. Nd2 Ba6 37. Ne4+ Nxe4 38. Bxe4 Ra8 39. Ra1 Rfc8 40. Rec1 Rc5
41. Kf2 Bb7 42. Ke2 Kh4 43. a5 Rcxa5 44. Rxa5 Rxa5 45. Ke1 Rc5 46. Ra1 Bxd5 47.
Bg6 c3 48. bxc3 bxc3 49. Bc2 Kg3 50. Kf1 Bc4+ 51. Kg1 Rd5 52. Ra7 Rd2 53. Rg7+
Kh4 54. Bg6 c2 55. g3+ fxg3 56. Bxc2 Rxc2 57. Rh7 Rc1+ 0-1

[Event "Frankfurt Ch 2006"]
[Site "Ffm-Kalbach, LAZ"]
[Date "2006.05.29"]
[Round "6.37"]
[White "Bauer, Timo"]
[Black "Kolompar, Josef"]
[Result "0-1"]
[WhiteElo "1707"]
[BlackElo "1909"]
[PlyCount "120"]
[EventDate "2006.??.??"]

1. d4 Nf6 2. Nf3 e6 3. c4 Bb4+ 4. Bd2 Be7 5. Nc3 d5 6. e3 O-O 7. Bd3 b6 8. Rc1
Bb7 9. cxd5 exd5 10. O-O Nbd7 11. Ne2 Re8 12. Ne5 c5 13. Bb5 Qc7 14. Ng3 a6 15.
Bxd7 Nxd7 16. Nf3 g6 17. dxc5 bxc5 18. b4 c4 19. Bc3 Qd6 20. Qd2 f6 21. Rfd1
Ne5 22. Qd4 Nd3 23. Rb1 Bc6 24. Ne1 Ne5 25. Rb2 Qe6 26. Ne2 Red8 27. Qf4 Ba4
28. Nd4 Qf7 29. Rdb1 Bd6 30. Qh6 Ng4 31. Qh3 Bd7 32. Qf3 Nxh2 33. Qd1 Ng4 34.
Nef3 Qe7 35. Ne2 Be6 36. Nfd4 Bd7 37. Nf4 Nxe3 38. Qf3 Bxf4 39. Qxf4 Ng4 40.
Re1 Ne5 41. Nf3 Nxf3+ 42. Qxf3 Qf7 43. Qxf6 Qxf6 44. Bxf6 Re8 45. Rbe2 Kf7 46.
Rxe8 Rxe8 47. Rxe8 Bxe8 48. Bd4 Ke6 49. f3 Kd6 50. Kf2 Kc6 51. Ke3 Kb5 52. Bc3
Ka4 53. Kd4 Bf7 54. Kc5 Ka3 55. Kb6 Kxa2 56. Kxa6 Be8 57. b5 Kb3 58. Bd4 c3 59.
b6 Bc6 60. b7 Bxb7+ 0-1

[Event "Frankfurt Ch 2006"]
[Site "Ffm-Kalbach, LAZ"]
[Date "2006.05.29"]
[Round "6.38"]
[White "Gehlhar, Michael"]
[Black "Kiesewetter, Ralf"]
[Result "1/2-1/2"]
[WhiteElo "1661"]
[BlackElo "1877"]
[PlyCount "39"]
[EventDate "2006.??.??"]

1. Nf3 Nf6 2. g3 d5 3. c4 c6 4. b3 Nbd7 5. Bb2 e6 6. Bg2 Qb6 7. Qc2 Bd6 8. O-O
c5 9. e3 O-O 10. d3 Qc7 11. Nc3 a6 12. Rfc1 Rb8 13. cxd5 exd5 14. d4 b6 15.
dxc5 bxc5 16. Ng5 h6 17. Nxd5 Qa5 18. Nxf6+ Nxf6 19. Bxf6 hxg5 20. Qc3 1/2-1/2

[Event "Frankfurt Ch 2006"]
[Site "Ffm-Kalbach, LAZ"]
[Date "2006.05.29"]
[Round "6.41"]
[White "Branda, Ralf"]
[Black "Rondio, Thomas"]
[Result "1/2-1/2"]
[WhiteElo "2116"]
[BlackElo "1646"]
[PlyCount "58"]
[EventDate "2006.??.??"]

1. d4 Nf6 2. c4 e6 3. Nf3 Bb4+ 4. Bd2 Qe7 5. a3 Bxd2+ 6. Qxd2 O-O 7. Nc3 d6 8.
e4 e5 9. d5 Nbd7 10. b4 a5 11. Rb1 axb4 12. axb4 Nb6 13. Be2 Bd7 14. O-O Na4
15. Nxa4 Rxa4 16. Bd3 Rfa8 17. Rfc1 b6 18. Bc2 Ra2 19. Qg5 Bg4 20. Ne1 Bd7 21.
f3 Nxd5 22. Qxe7 Nxe7 23. Bb3 R2a7 24. c5 bxc5 25. bxc5 Ba4 26. Bxa4 Rxa4 27.
Rb7 R4a7 28. Rcb1 f6 29. cxd6 cxd6 1/2-1/2

[Event "Frankfurt Ch 2006"]
[Site "Ffm-Kalbach, LAZ"]
[Date "2006.05.29"]
[Round "6.42"]
[White "Smith-Meyer, Geir"]
[Black "Seickel, Ralf"]
[Result "0-1"]
[WhiteElo "1669"]
[BlackElo "1985"]
[PlyCount "60"]
[EventDate "2006.??.??"]

1. d4 Nf6 2. Bf4 g6 3. c3 Bg7 4. Nf3 b6 5. Nbd2 Bb7 6. h3 O-O 7. e3 d5 8. Ne5
Nbd7 9. Ndf3 Nxe5 10. Bxe5 c5 11. a4 a6 12. Bd3 Ne4 13. Bf4 f6 14. O-O Re8 15.
Bh2 e5 16. Re1 Nd6 17. Be2 e4 18. Nd2 f5 19. Kh1 g5 20. Nf1 Qf6 21. Be5 Qh6 22.
Bxg7 Kxg7 23. Nh2 c4 24. b3 b5 25. Rg1 Bc6 26. axb5 axb5 27. Qc2 Qh4 28. Rxa8
Rxa8 29. f3 Qf2 30. Re1 Qxe1+ 0-1

[Event "Frankfurt Ch 2006"]
[Site "Ffm-Kalbach, LAZ"]
[Date "2006.05.29"]
[Round "6.43"]
[White "Ullmann, Stefan"]
[Black "Larem, Peter"]
[Result "1-0"]
[WhiteElo "1667"]
[BlackElo "1792"]
[PlyCount "75"]
[EventDate "2006.??.??"]

1. c4 Nf6 2. g3 g6 3. Bg2 Bg7 4. Nc3 O-O 5. d4 d6 6. e3 e5 7. Nge2 c6 8. O-O
Re8 9. b3 Nbd7 10. Bb2 Nf8 11. Rc1 Bg4 12. Qd2 Qd7 13. dxe5 dxe5 14. Qxd7 N8xd7
15. Rfd1 e4 16. Rd2 Nc5 17. Rcd1 Nd3 18. Ba1 Rad8 19. h3 Bxe2 20. Nxe2 Rd7 21.
Bxf6 Bxf6 22. Bxe4 Nxf2 23. Rxd7 Nxd1 24. Bxg6 hxg6 25. Rxd1 Rxe3 26. Kf2 Re7
27. Nf4 Bg5 28. Kf3 Bxf4 29. Kxf4 Re2 30. a4 Rb2 31. Rd3 a5 32. Ke5 Kg7 33. Kd6
Re2 34. Kc7 Re7+ 35. Kb6 f5 36. Kxa5 Kf6 37. Kb6 Ke5 38. Re3+ 1-0

[Event "Frankfurt Ch 2006"]
[Site "Ffm-Kalbach, LAZ"]
[Date "2006.05.29"]
[Round "6.45"]
[White "Jordake, Michael"]
[Black "Müller, Pascal"]
[Result "0-1"]
[WhiteElo "1572"]
[BlackElo "1785"]
[PlyCount "86"]
[EventDate "2006.??.??"]

1. e4 d5 2. exd5 Nf6 3. Nc3 Nxd5 4. Nxd5 Qxd5 5. Qf3 e6 6. c3 Nd7 7. Qxd5 exd5
8. Nf3 Bd6 9. Be2 O-O 10. O-O Re8 11. Bb5 c6 12. Ba4 Nc5 13. Bc2 Bg4 14. b4 Ne4
15. Nd4 Nf6 16. f3 Bd7 17. Bb2 Bf4 18. Rad1 a5 19. Bb3 axb4 20. cxb4 b6 21. Nc2
Re2 22. Rf2 Bxh2+ 23. Kf1 Rxf2+ 24. Kxf2 Nh5 25. Bd4 Bc7 26. Be3 Nf4 27. Bxf4
Bxf4 28. g3 Be5 29. d4 Bf6 30. g4 Re8 31. Rd2 Bg5 32. Re2 Rxe2+ 33. Kxe2 b5 34.
Ne1 f5 35. gxf5 Bxf5 36. Ng2 h5 37. a4 bxa4 38. Bxa4 Bd7 39. Bb3 h4 40. f4 h3
41. b5 h2 42. bxc6 Bxc6 43. fxg5 h1=Q 0-1

[Event "Frankfurt Ch 2006"]
[Site "Ffm-Kalbach, LAZ"]
[Date "2006.05.29"]
[Round "6.46"]
[White "Fischer, Manfred"]
[Black "Vogelgesang, Marc"]
[Result "1-0"]
[WhiteElo "1779"]
[BlackElo "1552"]
[PlyCount "74"]
[EventDate "2006.??.??"]

1. e4 c5 2. Nf3 d6 3. b4 cxb4 4. a3 bxa3 5. Nxa3 Nf6 6. Bb5+ Bd7 7. Qe2 Bxb5 8.
Nxb5 Nc6 9. O-O a6 10. Nc3 e6 11. e5 dxe5 12. Nxe5 Nxe5 13. Qxe5 Bd6 14. Qg5
O-O 15. Bb2 h6 16. Qh4 Be7 17. Qg3 Qd6 18. Qf3 b5 19. Nxb5 Qb6 20. Ba3 Bxa3 21.
Nxa3 Rac8 22. d3 Rfd8 23. Nc4 Qc6 24. Qg3 Ne4 25. Qe5 Nd6 26. Ne3 Nb5 27. h3
Nd4 28. Qa5 Ra8 29. Rab1 Rdb8 30. Qe5 Nb5 31. c4 Qd6 32. Qa1 Nd4 33. Qa2 Rc8
34. Rb7 Rcb8 35. Rfb1 Rxb7 36. Rxb7 a5 37. Qa4 Qc5 {ZÜ} 1-0

[Event "Frankfurt Ch 2006"]
[Site "Ffm-Kalbach, LAZ"]
[Date "2006.05.29"]
[Round "6.47"]
[White "Bonilla Guzman, Jerson Andres"]
[Black "Bender, Manfred"]
[Result "1-0"]
[WhiteElo "1545"]
[BlackElo "1739"]
[PlyCount "67"]
[EventDate "2006.??.??"]

1. e4 c5 2. Nf3 Nc6 3. d4 cxd4 4. Nxd4 d6 5. Nc3 Nf6 6. Be2 g6 7. f4 e6 8. Nxc6
bxc6 9. e5 Nd5 10. Nxd5 exd5 11. O-O dxe5 12. fxe5 Qb6+ 13. Kh1 Bg7 14. Bg5 O-O
15. Bf6 Qxb2 16. Qd2 Qb7 17. h4 Be6 18. h5 Rae8 19. Qf4 h6 20. Bxg7 Kxg7 21.
Qf6+ Kg8 22. hxg6 fxg6 23. Qxg6+ Qg7 24. Rxf8+ Kxf8 25. Rf1+ Bf7 26. Bh5 Qxg6
27. Bxg6 Kg7 28. Bxf7 Rxe5 29. Rf2 a5 30. Kh2 Re3 31. Bh5 Rc3 32. Rf7+ Kg8 33.
Rc7 Rxc2 34. Bf7+ 1-0

[Event "Frankfurt Ch 2006"]
[Site "Ffm-Kalbach, LAZ"]
[Date "2006.05.29"]
[Round "6.48"]
[White "Hitzer, Dieter"]
[Black "Schönmann, Bernd"]
[Result "1-0"]
[WhiteElo "1711"]
[BlackElo "1268"]
[PlyCount "89"]
[EventDate "2006.??.??"]

1. Nf3 d6 2. d4 g6 3. c4 Bg7 4. Nc3 Nf6 5. e4 O-O 6. Be2 b6 7. O-O c5 8. dxc5
bxc5 9. Qc2 Nc6 10. a3 Bb7 11. Rd1 Qc7 12. Bf4 e5 13. Bg5 a6 14. Rac1 Nd4 15.
Nxd4 exd4 16. Nd5 Nxd5 17. cxd5 Rab8 18. b4 Bc8 19. bxc5 f5 20. Bd3 f4 21. f3
h6 22. Bh4 g5 23. Be1 Be5 24. cxd6 Qxd6 25. Bb4 Rxb4 26. axb4 Qxb4 27. Qc6 Qa3
28. Qxh6 Qe7 29. Rc6 Bf6 30. Rdc1 Bd7 31. Rxa6 Rf7 32. Rb1 Be5 33. d6 Qd8 34.
Bc4 Be8 35. Bd5 Bg7 36. Qg6 Kf8 37. Bxf7 Bxf7 38. Qf5 d3 39. Ra7 Bd4+ 40. Kf1
Bxa7 41. Rb7 Qe8 42. Rxa7 Kg8 43. Qxg5+ Kh7 44. Qe7 Kg8 45. Qxe8+ 1-0

[Event "Frankfurt Ch 2006"]
[Site "Ffm-Kalbach, LAZ"]
[Date "2006.05.29"]
[Round "6.49"]
[White "Krischak, Werner"]
[Black "Köhler, Ralph"]
[Result "1-0"]
[WhiteElo "1709"]
[BlackElo "1202"]
[PlyCount "123"]
[EventDate "2006.??.??"]

1. d4 d5 2. c4 Bf5 3. Nc3 e6 4. cxd5 exd5 5. Qb3 b6 6. Qxd5 Qxd5 7. Nxd5 Bd6 8.
Bf4 Bxf4 9. Nxf4 Nf6 10. Rc1 c6 11. e3 O-O 12. Nf3 Nd5 13. Nxd5 cxd5 14. Be2
Nd7 15. O-O Rac8 16. Ba6 Rcd8 17. Rc7 Nb8 18. Bb7 a6 19. Rfc1 h6 20. g3 Rd6 21.
Ne5 f6 22. Nc6 Nxc6 23. R7xc6 Rxc6 24. Rxc6 Bd7 25. Rd6 Bc8 26. Bxd5+ Kh7 27.
Rxb6 Rd8 28. Be4+ f5 29. Bd3 Rd5 30. Bxa6 Bd7 31. Bc4 Ra5 32. Ra6 Rxa6 33. Bxa6
Kg6 34. Bb7 Kf6 35. b3 Ke7 36. a4 Kd6 37. a5 Kc7 38. Bd5 Bb5 39. Kg2 Kd6 40.
Bc4 Bc6+ 41. f3 g5 42. h3 g4 43. hxg4 fxg4 44. e4 h5 45. Bf7 gxf3+ 46. Kxf3 Kc7
47. d5 Bb5 48. Bxh5 Kb7 49. Kf4 Ka6 50. b4 Bc4 51. Be8 Kb7 52. b5 Kc7 53. a6
Kb8 54. g4 Kc7 55. Bc6 Kb6 56. e5 Bd3 57. d6 Bc4 58. Kf5 Ka7 59. d7 Be2 60. g5
Bc4 61. Kf6 Bg8 62. d8=Q 1-0

[Event "Frankfurt Ch 2006"]
[Site "Ffm-Kalbach, LAZ"]
[Date "2006.05.29"]
[Round "6.51"]
[White "Kletzerman, Simon"]
[Black "Makilla, Tobias"]
[Result "1-0"]
[WhiteElo "1461"]
[BlackElo "1682"]
[PlyCount "83"]
[EventDate "2006.??.??"]

1. e4 e5 2. Nf3 Nc6 3. Bc4 Bc5 4. O-O Nf6 5. Nc3 d6 6. h3 Be6 7. Bxe6 fxe6 8.
d3 O-O 9. Na4 Bb6 10. Nxb6 axb6 11. c3 Qe8 12. b4 b5 13. Be3 Nh5 14. g3 Qg6 15.
Kh2 Nf6 16. Nh4 Qf7 17. a4 bxa4 18. Rxa4 Rfd8 19. b5 Ne7 20. Qc2 Qe8 21. c4
Rxa4 22. Qxa4 Ra8 23. Qb3 Qh5 24. Kg2 Qe2 25. Nf3 Ra2 26. Re1 Qb2 27. Qxb2 Rxb2
28. Ng5 c6 29. Ra1 g6 30. Ra8+ Kg7 31. Nxe6+ Kf7 32. Nd8+ Kg7 33. Nxb7 cxb5 34.
Nxd6 bxc4 35. Nxc4 Rb3 36. Nxe5 Rb5 37. Bd4 Kh6 38. Ra7 Nfg8 39. Nf7+ Kh5 40.
g4+ Kh4 41. f3 Nc6 42. Bf2# 1-0

[Event "Frankfurt Ch 2006"]
[Site "Ffm-Kalbach, LAZ"]
[Date "2006.05.29"]
[Round "6.53"]
[White "Zuyev, Lisa"]
[Black "Petersen, Gerd"]
[Result "1-0"]
[WhiteElo "1060"]
[BlackElo "1632"]
[PlyCount "55"]
[EventDate "2006.??.??"]

1. e4 e5 2. Nf3 Nc6 3. d4 exd4 4. Nxd4 Nxd4 5. Qxd4 d6 6. Nc3 Nf6 7. Bg5 Be7 8.
Bd3 O-O 9. O-O Re8 10. f4 c5 11. Qe3 Qc7 12. Qg3 Qb6 13. Bb5 Nh5 14. Qf3 c4+
15. Kh1 Bxg5 16. Qxh5 Rf8 17. fxg5 g6 18. Qf3 Be6 19. b3 cxb3 20. axb3 a6 21.
Bc4 Bxc4 22. bxc4 Qd8 23. Qf4 Rc8 24. Rad1 Rxc4 25. Rxd6 Qe8 26. Nd5 Qb5 27.
Ne7+ Kg7 28. Qf6# 1-0

[Event "Frankfurt Ch 2006"]
[Site "Ffm-Kalbach, LAZ"]
[Date "2006.05.29"]
[Round "6.55"]
[White "Cors, Heinz-Friedrich"]
[Black "Müllergroß, Christian"]
[Result "1-0"]
[WhiteElo "1955"]
[BlackElo "1489"]
[PlyCount "43"]
[EventDate "2006.??.??"]

1. e4 e6 2. d4 d5 3. Nd2 dxe4 4. Nxe4 Nd7 5. Nf3 Ngf6 6. Bd3 Nxe4 7. Bxe4 Nf6
8. Bd3 c5 9. O-O cxd4 10. Nxd4 a6 11. c3 Bc5 12. a4 Bxd4 13. cxd4 O-O 14. Bg5
h6 15. Bh4 Bd7 16. Bc2 b5 17. axb5 Bxb5 18. Re1 g5 19. Bg3 Qb6 20. Be5 Qd8 21.
Qf3 Nd5 22. Qh5 1-0

[Event "Frankfurt Ch 2006"]
[Site "Ffm-Kalbach, LAZ"]
[Date "2006.05.29"]
[Round "6.56"]
[White "Bitzer, Andre"]
[Black "Plötz, Hans-Jürgen"]
[Result "1-0"]
[WhiteElo "1692"]
[BlackElo "1442"]
[PlyCount "71"]
[EventDate "2006.??.??"]

1. b3 Nf6 2. Bb2 g6 3. e3 Bg7 4. g3 d6 5. d4 Bg4 6. Nf3 Nc6 7. h3 Bf5 8. Bg2
Nb4 9. Na3 c6 10. Nd2 d5 11. g4 Be4 12. Bxe4 Nxe4 13. Nxe4 dxe4 14. Nc4 e6 15.
Ba3 Nd5 16. Nd6+ Kd7 17. Nxb7 Qb6 18. Nc5+ Kc7 19. Qd2 Rad8 20. c4 Nf6 21. Bb4
e5 22. Ba5 exd4 23. Bxb6+ axb6 24. Na6+ Kb7 25. Nb4 Bh6 26. Qe2 dxe3 27. fxe3
Bg7 28. O-O h5 29. g5 Nd7 30. Rad1 Ne5 31. c5 b5 32. a4 Nf3+ 33. Kh1 Nh4 34.
axb5 Nf5 35. bxc6+ Kc7 36. Qh2+ 1-0

[Event "Frankfurt Ch 2006"]
[Site "Ffm-Kalbach, LAZ"]
[Date "2006.05.29"]
[Round "6.57"]
[White "Popp, Matthias"]
[Black "Fisher, Jonathan"]
[Result "1/2-1/2"]
[WhiteElo "1536"]
[BlackElo "1672"]
[PlyCount "97"]
[EventDate "2006.??.??"]

1. d4 Nf6 2. Nf3 d6 3. Bf4 g6 4. e3 Bg7 5. Bc4 O-O 6. Nbd2 Nbd7 7. Qe2 a6 8. a4
b6 9. h4 c5 10. O-O-O b5 11. axb5 d5 12. Ba2 axb5 13. Bb1 c4 14. Rdg1 Nb6 15.
c3 Ra1 16. Ne5 Ne4 17. Nxe4 dxe4 18. h5 Nd5 19. hxg6 fxg6 20. Bh6 Qb6 21. Bxg7
Kxg7 22. Rh4 Qa6 23. Rgh1 Nf6 24. f4 exf3 25. gxf3 Qa2 26. Qc2 Bf5 27. e4 Be6
28. Kd2 Qa7 29. Ke3 Bg8 30. Qg2 Nd7 31. Qg5 Nxe5 32. Qxe5+ Rf6 33. Qxb5 Ra5 34.
Qe8 Rf8 35. Qc6 Rf6 36. Qe8 Rf8 37. Qc6 Ra6 38. Qc5 Qa8 39. Qxe7+ Rf7 40. Qe5+
Kf8 41. Qh8 Qb7 42. Rxh7 Rxh7 43. Rxh7 Qxh7 44. Qxh7 Bxh7 45. e5 Rb6 46. d5
Rxb2 47. Be4 Bg8 48. Kd4 g5 49. Kxc4 1/2-1/2

[Event "Frankfurt Ch 2006"]
[Site "Ffm-Kalbach, LAZ"]
[Date "2006.05.29"]
[Round "6.58"]
[White "Adair, Monte"]
[Black "Ebertz, Michael"]
[Result "0-1"]
[WhiteElo "1384"]
[BlackElo "1611"]
[PlyCount "62"]
[EventDate "2006.??.??"]

1. e4 c5 2. Nf3 Nc6 3. c3 d5 4. exd5 Qxd5 5. Be2 Nf6 6. O-O Bg4 7. d3 e6 8. Bf4
Be7 9. Re1 O-O 10. Qc2 Rfd8 11. Nbd2 Bf5 12. Nc4 Bxd3 13. Qb3 Qxc4 14. Qxc4
Bxc4 15. Bxc4 Nd5 16. Bg3 Bf6 17. Bb3 Nxc3 18. Rac1 Nd5 19. Rxc5 Bxb2 20. Rc2
Bf6 21. Nd2 Ndb4 22. Rcc1 Rxd2 23. Bf4 Rd7 24. Bc4 Rad8 25. Rf1 Nd3 26. Bxd3
Rxd3 27. Be3 Bd4 28. Bf4 e5 29. Bg3 f6 30. Rb1 Bb6 31. h3 Rxg3 0-1

[Event "Frankfurt Ch 2006"]
[Site "Ffm-Kalbach, LAZ"]
[Date "2006.05.29"]
[Round "6.59"]
[White "Troeger, Beate"]
[Black "Plattner, Rolf"]
[Result "0-1"]
[WhiteElo "798"]
[BlackElo "1557"]
[PlyCount "62"]
[EventDate "2006.??.??"]

1. f4 d5 2. Nf3 Nf6 3. e3 e6 4. Be2 Be7 5. O-O O-O 6. d3 c5 7. Nbd2 Qb6 8. Qe1
Nc6 9. c3 Qc7 10. Nb3 e5 11. fxe5 Nxe5 12. Nxe5 Qxe5 13. d4 Qc7 14. dxc5 b6 15.
cxb6 axb6 16. Bf3 Ne4 17. Bxe4 dxe4 18. Nd4 Ra5 19. Ne2 Ba6 20. Rf4 Bd3 21. Ng3
Bd6 22. Rh4 Re8 23. Qf2 Re6 24. Nf5 Rf6 25. g4 g6 26. Nh6+ Kg7 27. Nf5+ gxf5
28. gxf5 Raxf5 29. Qg2+ Rg6 30. Qxg6+ hxg6 31. Bd2 Qe7 0-1

[Event "Frankfurt Ch 2006"]
[Site "Ffm-Kalbach, LAZ"]
[Date "2006.05.29"]
[Round "6.60"]
[White "Schmidt, Volker"]
[Black "Pluns, Matthias"]
[Result "1-0"]
[WhiteElo "1547"]
[BlackElo "1478"]
[PlyCount "41"]
[EventDate "2006.??.??"]

1. e4 c5 2. Bc4 e6 3. Nc3 g6 4. d3 Bg7 5. Bd2 a6 6. Nf3 Ne7 7. e5 Nbc6 8. Qe2
Qc7 9. Bf4 Nf5 10. Ne4 O-O 11. c3 b6 12. g4 Bh6 13. Nf6+ Kh8 14. Bxh6 Nxh6 15.
h4 d6 16. Ng5 Kg7 17. Ngxh7 Rh8 18. h5 Nxe5 19. g5 Qb7 20. gxh6+ Kxh6 21. Qe3+
1-0

[Event "Frankfurt Ch 2006"]
[Site "Ffm-Kalbach, LAZ"]
[Date "2006.05.29"]
[Round "6.62"]
[White "Baur, Egbert"]
[Black "Jacob, Christiane"]
[Result "0-1"]
[WhiteElo "1215"]
[BlackElo "1713"]
[PlyCount "84"]
[EventDate "2006.??.??"]

1. f4 d5 2. Nf3 Nf6 3. d4 c5 4. e3 Bd7 5. Ne5 Nc6 6. Be2 h5 7. c3 e6 8. Nd2
Nxe5 9. fxe5 Ng4 10. Bxg4 Qh4+ 11. g3 Qxg4 12. Qxg4 hxg4 13. O-O Be7 14. Rf2 f5
15. b3 O-O-O 16. Ba3 b6 17. dxc5 bxc5 18. c4 Bc6 19. Bb2 Bg5 20. Nf1 dxc4 21.
bxc4 Rd3 22. a4 Rhd8 23. Ba3 Be7 24. a5 Rd1 25. Raa2 R8d3 26. Rfd2 R1xd2 27.
Nxd2 Rxe3 28. Kf2 Rd3 29. Ke2 Rd8 30. Nb3 Bf3+ 31. Ke1 Rd1+ 32. Kf2 Rh1 33. Ke3
Bg5+ 34. Kd3 Be4+ 35. Kc3 f4 36. Bxc5 Rd1 37. Nd2 Rc1+ 38. Kd4 Ba8 39. Bxa7 f3
40. Ne4 Rd1+ 41. Nd2 Bxd2 42. c5 f2 0-1